| 000 | 00574nam a2200193Ia 4500 | ||
|---|---|---|---|
| 005 | 20250508154936.0 | ||
| 008 | 008 250505s9999 xx 000 0 hin d | ||
| 037 | _aTextual | ||
| 040 |
_aFEDL _beng _cFEDL |
||
| 041 |
_ahin _2eng |
||
| 084 |
_a136.7, PAS _qFEDL |
||
| 100 |
_aPasricha Prem _989249 |
||
| 245 | 0 | _aBalak ka samajik aacharan tatha us ka vikas | |
| 260 |
_aDelhi, India _bDepartment of Extension Service Central Institute of Education |
||
| 300 | _a19p. | ||
| 650 | _aPhilosophy | ||
| 942 |
_cTEXL _h136.7, PAS |
||
| 999 |
_c1353007 _d1353007 |
||